[Event "Mykolaiv IM Feb 2021"]
[Site "Mykolaiv"]
[Date "2021.03.02"]
[Round "6.5"]
[White "Gavrish, Leonid"]
[Black "Vakulenko, Oleksandr"]
[Result "0-1"]
[WhiteElo "2085"]
[BlackElo "2256"]
[Annotator "TA"]
[PlyCount "88"]
[EventDate "2021.02.25"]
[EventType "tourn"]
[EventCountry "UKR"]
[SourceTitle "playchess.com"]
[Source "ChessBase"]
[SourceQuality "1"]

{[%evp 16,88,-6,-6,-8,-7,11,10,10,15,14,9,-4,-2,-16,-21,-25,-41,-4,-10,0,-14,-11,-8,-24,-72,0,-70,-104,-91,-76,-292,-299,-322,-324,-326,-326,-338,-252,-333,-326,-326,-296,-331,-327,-272,-76,-215,78,77,60,0,0,17,5714,2405,29976,29977,29970,6002,29985,29966,4894,0,0,-1053,-897,-1202,-1186,-837,-847,-29993,-29994,-29994,-29995]} 1. d4 d5 2. c4 e6 3. Nc3 c6 4. cxd5 exd5 5. Qc2 Bd6 6. Nf3 Ne7 7. Bg5 f6 8. Bh4 Bf5 9. Qd2 Nd7 {D31: Queen's Gambit Declined: Semi-Slav without ...Nf6 (+ Marshall Gambit and Noteboom) and Exchange Variation lines without ...Nf6.} 10. e3 Nf8 11. Bg3 Ne6 {[#] The position is equal.} 12. Be2 $146 ({Predecessor:} 12. Bxd6 Qxd6 13. Nh4 Bg6 14. Nxg6 hxg6 15. g3 g5 16. Bg2 f5 17. O-O-O O-O-O 18. Kb1 {½-½ (62) Varnavski,S (2273)-Morozov,G (2337) Moscow 2008}) 12... g5 13. Bxd6 Qxd6 14. O-O h5 15. Ne1 g4 16. Nd3 h4 17. b4 {[%cal Bb2b4,Bb4b5][%mdl 32]} b6 {[%cal Bb7b6,Bb6c5,Bc5c4,Bc4d3][%mdl 32]} 18. b5 c5 $1 {[%cal Rc5d4]} 19. dxc5 bxc5 20. Rfd1 Kf7 (20... Rd8 $17 21. Rac1 Kf7) 21. f4 ({White should play} 21. Ne1 $1 $11) 21... d4 $36 {[%mdl 2048] Black has strong initiative.} 22. Qe1 {Black should prevent e4.} c4 23. e4 $2 cxd3 $19 24. exf5 Nxf5 ({Not} 24... dxe2 25. Ne4 $15) ({Worse is} 24... dxc3 25. fxe6+ Qxe6 26. Bxd3 $11) (24... Nxf4 25. Ne4 $19) 25. Ne4 Qxf4 26. Bxd3 {intending Bc4.} g3 27. h3 Ne3 28. Rdc1 Rhe8 29. Rc6 Rad8 30. Qe2 f5 $2 (30... Kg7 $19 {has better winning chances. White must now prevent ...f5.} 31. Nd2 Ng5) 31. Nd2 ({But not} 31. Qh5+ $2 Kg7 $19) (31. Nc5 $17) 31... Ng5 $2 {[#]} (31... Rc8 $19 {Threatens to win with ...Rxc6.} 32. Rac1 Rxc6 33. Rxc6 Kg7) 32. Qh5+ $1 $16 Ke7 {( -> ...Qf2+)} 33. Nf3 Nxf3+ 34. gxf3 {Threatening mate with Qh7+.} Rd7 $2 {[%mdl 8192]} (34... Nd5 $11) 35. Rac1 $18 {Qh7+ would kill now.} Nc4 36. Re1+ Ne3 37. Qg6 (37. Bxf5 $142 Kd8 {[#]} 38. Rc8+ $3 {[%mdl 576] Deflection, Decoy} Kxc8 39. Qxe8+ {[%mdl 64] Double Attack, Pin} Kb7 40. Qxd7+ Qc7 41. Qxd4 {[%mdl 64] Double Attack} Qb6 42. Qg7+ Qc7 43. Qd4) 37... Kd8 38. Qf6+ Rde7 39. Be4 $2 Qe5 $11 40. Qxe5 {[%mdl 8192]} (40. Rd6+ $11 Kc8 41. Qxe5 Rxe5 42. Rxd4) 40... Rxe5 $19 41. Bd3 Nd5 42. Rxe5 Rxe5 43. Rh6 Re1+ 44. Bf1 Ne3 {[%csl Ge3][%cal Re1f1] Weighted Error Value: White=0.83/Black=0.74} 0-1

[Event "Mykolaiv IM Feb 2021"]
[Site "Mykolaiv"]
[Date "2021.03.03"]
[Round "7.1"]
[White "Vakulenko, Oleksandr"]
[Black "Kozak, Leonid"]
[Result "*"]
[WhiteElo "2256"]
[BlackElo "2244"]
[Annotator "TA"]
[PlyCount "36"]
[EventDate "2021.02.25"]
[EventType "tourn"]
[EventCountry "UKR"]
[SourceTitle "playchess.com"]
[Source "ChessBase"]
[SourceQuality "1"]

{[%evp 19,36,38,42,27,39,33,48,22,43,17,26,15,25,14,8,4,15,16,69]} 1. d4 Nf6 2. c4 g6 3. Nc3 Bg7 4. e4 d6 5. f3 O-O 6. Be3 e5 7. Nge2 c6 8. Qd2 Nbd7 9. d5 cxd5 10. cxd5 a6 11. a4 {E89: King's Indian: Sämisch: 6...e5 7 d5 c6 8 Nge2 cxd5.} Nc5 {Threatening ...Nb3.} 12. Ra3 a5 {[#]} 13. Nb5 $146 {White is slightly better.} ({Predecessor:} 13. Ng3 h5 14. Bb5 h4 15. Nge2 Nh5 16. g4 Nf4 17. Nxf4 exf4 18. Bxf4 Qe7 19. O-O {1-0 (35) Graf,A (2580)-Arduman,C (2355) Komotini 1993}) 13... Ne8 14. Nec3 b6 15. Be2 f5 16. exf5 gxf5 {The position is equal.} 17. f4 Nf6 18. O-O e4 {Weighted Error Value: White=0.11/Black=0.08} (18... Nfe4 $11 19. Qc2 Bb7) *

[Event "Mykolaiv IM Feb 2021"]
[Site "Mykolaiv"]
[Date "2021.03.03"]
[Round "7.2"]
[White "Kocyigit, Buse Naz"]
[Black "Gavrish, Leonid"]
[Result "*"]
[WhiteElo "2143"]
[BlackElo "2085"]
[Annotator "TA"]
[PlyCount "30"]
[EventDate "2021.02.25"]
[EventType "tourn"]
[EventCountry "UKR"]
[SourceTitle "playchess.com"]
[Source "ChessBase"]
[SourceQuality "1"]

{[%evp 14,30,25,-19,20,0,0,0,0,-30,-45,-64,-72,-132,-124,-154,-149,-181,-162]} 1. Nf3 Nf6 2. c4 c5 3. g3 g6 4. Bg2 Bg7 5. O-O O-O 6. d4 cxd4 7. Nxd4 Nc6 8. Nb3 a5 {[%cal Ba7a5,Ba5a4][%mdl 32] E60: King's Indian: Unusual lines and Fianchetto Variation without Nc3.} 9. Nc3 a4 10. Nc5 a3 $1 {[#] The position is equal.} 11. Qc2 $146 ({Predecessor:} 11. b3 Qa5 12. Nb5 d6 13. Nd3 Bf5 14. Bxa3 Ne4 15. Bb2 Nc3 16. Bxc3 Bxc3 17. Nxc3 Qxc3 {1-0 (40) Sjoestroem,O-Jaeger,M Wiesbaden 1998}) 11... d6 12. N5a4 axb2 13. Bxb2 (13. Nxb2 $142 Bf5 14. e4) 13... Qa5 $17 14. Rab1 {[#]} Bf5 $1 {[%cal Rf5c2]} 15. e4 Be6 {White got outplayed after the opening.  Weighted Error Value: White=0.27/Black=0.05} *

[Event "Mykolaiv IM Feb 2021"]
[Site "Mykolaiv"]
[Date "2021.03.03"]
[Round "7.3"]
[White "Anwesh, Upadhyaya"]
[Black "Okhotnik, Vladimir"]
[Result "1/2-1/2"]
[WhiteElo "2364"]
[BlackElo "2350"]
[Annotator "TA"]
[PlyCount "48"]
[EventDate "2021.02.25"]
[EventType "tourn"]
[EventCountry "UKR"]
[SourceTitle "playchess.com"]
[Source "ChessBase"]
[SourceQuality "1"]

{[%evp 18,20,13,18,12]} 1. g3 Nf6 2. Bg2 d5 3. c4 c6 4. cxd5 cxd5 5. Nf3 g6 6. O-O Bg7 7. d4 O-O 8. Nc3 Nc6 9. Ne5 Bf5 10. Bf4 Rc8 {[#] An uneventful encounter. 10...Ne4 is more advanced technology. D79: Fianchetto Grünfeld: Symmetrical Variation (6 0-0 c6 7 cxd5 cxd5).} {Predecessor:} 11. Rc1 $146 Qa5 12. Qd2 Rfd8 13. h3 Qa6 14. g4 Be6 15. Rfd1 Ne4 16. Nxe4 dxe4 17. Nxc6 Rxc6 18. Rxc6 Qxc6 19. Qa5 Qb6 20. Qxb6 axb6 21. Bxe4 Bxa2 22. d5 Bxb2 23. Rd2 Bc1 24. Rxa2 Bxf4 {½-½ (24) Ghasi,A (2485)-Turner,M (2509) Tornelo INT 2021} 1/2-1/2

[Event "Mykolaiv IM Feb 2021"]
[Site "Mykolaiv"]
[Date "2021.03.03"]
[Round "7.4"]
[White "Sydoryka, Vladyslav"]
[Black "Bondar, Dmytro"]
[Result "*"]
[WhiteElo "2331"]
[BlackElo "2254"]
[Annotator "TA"]
[PlyCount "32"]
[EventDate "2021.02.25"]
[EventType "tourn"]
[EventCountry "UKR"]
[SourceTitle "playchess.com"]
[Source "ChessBase"]
[SourceQuality "1"]

{[%evp 9,32,0,3,0,0,0,0,0,-6,0,0,-12,-22,-22,-10,-24,-22,-45,11,7,71,71,71,73,75]} 1. Nf3 c5 2. b3 Nc6 3. Bb2 d6 4. c4 Bf5 5. e3 e5 {[#]} 6. d3 $146 {A30: Symmetrical English: Double Fianchetto and Hedgehog.} ({Predecessor:} 6. Nc3 g6 7. Be2 Bg7 8. O-O Nge7 9. d3 O-O 10. Qd2 Be6 11. Rfd1 Nf5 12. a3 {½-½ (48) Speelman,J (2410)-Morrison,G Amsterdam 1978}) 6... g6 7. Be2 Bg7 8. O-O {The position is equal.} Nge7 9. a3 O-O 10. Qc2 a6 11. Nc3 Rb8 12. Rab1 b5 13. Nd5 bxc4 ({Black should try} 13... Be6 $15) 14. bxc4 $11 {[%cal Bb3c4,Bc4d5][%mdl 32]} Nxd5 (14... Be6 $11) 15. cxd5 $16 Ne7 16. e4 Bd7 {Weighted Error Value: White=0.06/Black=0.14} *

[Event "Mykolaiv IM Feb 2021"]
[Site "Mykolaiv"]
[Date "2021.03.03"]
[Round "7.5"]
[White "Boricsev, Oleg"]
[Black "Kushko, Dmitriy"]
[Result "*"]
[WhiteElo "2234"]
[BlackElo "2285"]
[Annotator "TA"]
[PlyCount "45"]
[EventDate "2021.02.25"]
[EventType "tourn"]
[EventCountry "UKR"]
[SourceTitle "playchess.com"]
[Source "ChessBase"]
[SourceQuality "1"]

{[%evp 9,45,8,8,6,7,8,10,6,0,-2,33,-5,-5,-14,-16,-22,-14,-18,-19,-13,-7,-21,-26,-23,0,0,0,0,0,0,0,-3,0,-4,14,8,12,9]} 1. e4 d6 2. d4 Nf6 3. Nc3 g6 4. Bf4 c6 5. e5 dxe5 6. dxe5 {B07: Pirc Defence: Miscellaneous Systems.} Nd5 7. Nxd5 cxd5 8. Qd2 Nc6 9. O-O-O {[#]} Bg4 $146 ({Predecessor:} 9... Be6 10. Nf3 Bg7 11. Bh6 Bxh6 12. Qxh6 Qa5 13. Rd3 d4 14. Nxd4 O-O-O 15. Qe3 Rxd4 16. Rxd4 Nxd4 17. Qxd4 {½-½ (34) Jaunooby,A (2170)-Polaczek,R (2414) England 2016}) 10. Be2 Bxe2 11. Nxe2 e6 12. Bg5 $1 {[%cal Rg5d8]} Be7 13. Bxe7 Qxe7 14. f4 Qc5 15. Nd4 (15. g4 {keeps more tension.} O-O-O 16. Kb1 Kb8 17. Rhf1 Rc8 18. h4) 15... Nxd4 16. Qxd4 Qxd4 (16... Rc8 {with more complications.} 17. Qxc5 Rxc5 18. Rd4 Kd7 19. a4 Rhc8) 17. Rxd4 $11 {[%mdl 4096] Endgame KRR-KRR. The position is equal.} Ke7 18. Rhd1 Rhc8 19. R1d3 h5 20. Kd2 Rc6 21. Rc3 Rac8 22. Rxc6 Rxc6 23. Kd3 {A rather calm draw.  Weighted Error Value: White=0.04/Black=0.06} *

[Event "Mykolaiv IM Feb 2021"]
[Site "Mykolaiv"]
[Date "2021.03.04"]
[Round "8.1"]
[White "Kozak, Leonid"]
[Black "Kushko, Dmitriy"]
[Result "1/2-1/2"]
[WhiteElo "2244"]
[BlackElo "2285"]
[Annotator "TA"]
[PlyCount "106"]
[EventDate "2021.02.25"]
[EventType "tourn"]
[EventCountry "UKR"]
[SourceTitle "playchess.com"]
[Source "ChessBase"]
[SourceQuality "1"]

{[%evp 17,106,-22,-19,-21,-27,-34,-10,-10,-3,-24,-24,-24,-15,-29,-25,-27,-21,-21,-19,-52,-43,-48,-41,-62,-52,-89,-16,-44,-8,-15,-15,-28,-28,-28,-28,-28,-28,-28,-28,-28,-28,-28,-28,-31,-31,-31,-31,-31,-11,-19,0,-21,-21,-87,0,-87,0,0,0,0,0,0,0,0,0,0,0,0,0,0,0,0,0,0,0,0,0,0,0,0,0,0,0,0,0,0,0,0,0,0,0]} 1. d4 d6 2. c4 e5 3. dxe5 dxe5 4. Qxd8+ Kxd8 5. Nc3 c6 6. b3 Be6 7. Bb2 Nd7 8. e3 f6 9. O-O-O Kc7 10. Bd3 {A41: 1 d4 d6: Tartakower System and Modern Defence.} Nh6 11. h3 Nc5 12. Bc2 a5 13. Ne4 a4 14. Nxc5 Bxc5 15. Ne2 axb3 16. axb3 Nf7 17. Nc3 Nd6 18. Na4 Bb4 {[#]} 19. Nc3 $146 ({Predecessor:} 19. Bc3 Rxa4 20. bxa4 Bxc3 21. c5 Nf7 {0-1 (21) Grahn,L (2024)-Rooze,J (2281) Mali Losinj 2019}) 19... h5 20. Kb1 h4 21. Ne4 Nf7 (21... Rhb8 $17 22. Nxd6 Bxd6) 22. f3 Rad8 (22... Rhb8 {looks sharper.} 23. Rhg1 f5 24. Nc3 Bc5 25. Rge1 g5) 23. Rxd8 Rxd8 24. Rd1 Rxd1+ 25. Bxd1 Bf5 26. Bc2 Bxe4 27. Bxe4 $11 {[%mdl 4096] Endgame KBB-KBN} Bd2 28. Bc1 Bxc1 29. Kxc1 {KB-KN} Nd6 30. Bd3 c5 31. Kb2 Kd7 32. Kc3 b6 33. b4 g5 34. b5 f5 35. e4 (35. Kd2 $11) 35... Ke6 ({Black should play} 35... f4 $17) 36. Kd2 {[#]} (36. exf5+ $11 {remains equal.} Nxf5 37. Kd2) 36... fxe4 (36... f4 $1 $17) 37. fxe4 {The position is equal.} Kf6 38. Ke3 g4 39. Be2 gxh3 40. gxh3 Kg5 41. Bd3 Nb7 42. Kf3 Na5 43. Bf1 Nb3 44. Ke3 Nd4 45. Bd3 Kg6 (45... Ne6 {keeps more tension.} 46. Be2 Nd4 47. Bg4 Nc2+ 48. Kd3 Nb4+) 46. Bf1 Kf6 (46... Kg5 $5) 47. Bd3 Kg5 48. Bf1 Nc2+ 49. Kd2 Nb4 {[#] aiming for ...Kf4.} (49... Na1 $5 50. Ke3 $8 Nc2+ 51. Kf3 Kf6 $11) 50. Ke3 Na2 {And now ...Nb4 would win.} 51. Kf3 Nc1 52. Ke3 Nb3 (52... Na2 $5 {[%cal Ra2b4]} 53. Be2 Nb4 $11) 53. Bd3 Nd4 {Weighted Error Value: White=0.11/Black=0.10} 1/2-1/2

[Event "Mykolaiv IM Feb 2021"]
[Site "Mykolaiv"]
[Date "2021.03.04"]
[Round "8.2"]
[White "Bondar, Dmytro"]
[Black "Boricsev, Oleg"]
[Result "1-0"]
[WhiteElo "2254"]
[BlackElo "2234"]
[Annotator "TA"]
[PlyCount "119"]
[EventDate "2021.02.25"]
[EventType "tourn"]
[EventCountry "UKR"]
[SourceTitle "playchess.com"]
[Source "ChessBase"]
[SourceQuality "1"]

{[%evp 15,119,28,37,17,31,-2,42,38,74,77,76,70,75,0,0,0,4,0,0,0,0,0,0,-47,0,0,0,0,0,0,0,-15,0,-32,-45,-60,-25,-39,-12,-17,-10,-72,-72,-75,0,0,0,0,0,0,0,0,0,0,0,-40,0,-80,0,0,18,14,103,103,103,103,114,103,103,104,124,103,103,103,103,103,103,104,447,443,447,409,311,327,334,352,468,468,852,594,2354,1726,2350,1963,2164,1955,6629,5820,2095,1922,1760,1617,1547,1250,2175,1916]} 1. e4 e6 2. d4 d5 3. Nc3 Nc6 4. Nf3 Nf6 5. e5 Ne4 6. Bd3 Bb4 7. Bd2 Nxd2 8. Qxd2 Bd7 9. a3 {C10: French with 3 Nc3: Unusual Black 3rd moves and 3...dxe4.} Bxc3 {is the legacy move (9...Be7).} 10. bxc3 f6 {[#]} 11. exf6 $146 {White is slightly better.} ({Predecessor:} 11. O-O Qe7 12. a4 O-O 13. a5 fxe5 14. Nxe5 Nxe5 15. dxe5 Qc5 16. Rab1 b6 17. Rb4 bxa5 {½-½ (32) Kaspret,G (2315)-Klinger,J (2435) Austria 1994}) 11... Qxf6 12. O-O O-O 13. Rae1 Rae8 14. Ng5 (14. c4 $16) 14... h6 $11 15. Nf3 e5 {With the idea ...e4.} 16. dxe5 Nxe5 17. Nxe5 Rxe5 18. Rxe5 Qxe5 19. Re1 Qf6 20. c4 d4 21. Be4 b6 22. f3 Rd8 23. Qd3 Be6 24. h4 Bf7 25. g3 Qd6 26. Kg2 Qc5 27. Bh7+ Kh8 28. Bg6 (28. Qf5 $1 $11 {remains equal.}) 28... Bxc4 $17 29. Qe4 Bg8 ({Black should try} 29... Qxa3 $17 {And now ...Qc3 would win.} 30. Qc6 Bg8 31. Qxc7 Rf8) 30. Qe7 $11 Qxe7 31. Rxe7 {[%mdl 4096] Endgame KRB-KRB} c5 32. Kf2 c4 33. Ke2 Rd6 34. Be4 g5 35. h5 Bd5 36. Bf5 (36. Bxd5 $11 {keeps the balance.} Rxd5 37. Rxa7) 36... Rf6 (36... a6 $17) 37. g4 Bf7 38. Be4 Kg7 (38... a5 $11) 39. Rxa7 $16 Rd6 {[#]} 40. Bg6 $1 Re6+ 41. Kf2 Rf6 42. Rd7 b5 43. Rb7 Kf8 44. Bxf7 ({Much worse is} 44. Rxb5 $6 Bxg6 45. hxg6 Ra6 $11) 44... Rxf7 45. Rxb5 {KR-KR} Ra7 46. Rb4 d3 $2 {[%mdl 8192] A mistake that costs the game.} (46... Rxa3 $16 47. Rxc4 Kg7) 47. cxd3 $18 cxd3 48. Rb3 Rd7 {[#] Threatens to win with ...d2.} 49. Ke1 d2+ 50. Kd1 Kf7 51. a4 {[%cal Ba3a4,Ba4a5,Ba5a6][%mdl 32] White is clearly winning.} Ke6 (51... Ra7 $142 52. Rb4 (52. Kxd2 Rxa4 53. Rb7+ Kg8 $16) 52... Ke7 53. Kxd2 Ke8) 52. a5 Ke5 53. a6 Kf4 54. Ra3 Ra7 55. Kxd2 Rd7+ 56. Ke2 Ra7 57. Kf2 {Intending Ra5 and mate.} Ke5 58. Ke3 Kd5 59. Ra5+ Ke6 60. Ke4 {Weighted Error Value: White=0.14/Black=0.37} 1-0

[Event "Mykolaiv IM Feb 2021"]
[Site "Mykolaiv"]
[Date "2021.03.04"]
[Round "8.3"]
[White "Okhotnik, Vladimir"]
[Black "Sydoryka, Vladyslav"]
[Result "1-0"]
[WhiteElo "2350"]
[BlackElo "2331"]
[Annotator "TA"]
[PlyCount "73"]
[EventDate "2021.02.25"]
[EventType "tourn"]
[EventCountry "UKR"]
[SourceTitle "playchess.com"]
[Source "ChessBase"]
[SourceQuality "1"]

{[%evp 11,73,10,10,-8,20,5,2,0,0,0,0,-3,19,18,18,19,26,0,0,0,16,0,0,-3,0,-12,-12,-12,9,0,0,0,0,0,6,0,0,0,39,37,37,35,33,33,53,66,55,55,59,46,118,0,62,64,183,170,723,706,820,807,824,808,732,691]} 1. e4 c6 2. d4 d5 3. e5 Bf5 4. h4 h5 5. Bd3 Bxd3 6. Qxd3 e6 7. Ne2 {B12: Caro-Kann: Advance Variation.} Ne7 {[#]} 8. c3 $146 ({Predecessor:} 8. Bg5 Qb6 9. Nbc3 Nd7 10. O-O Nf5 11. Na4 Qb5 12. Qxb5 cxb5 13. Nac3 a6 14. g3 Rc8 {½-½ (70) Buganca,L (1663)-Maciel,D (1972) Florianopolis 2018}) 8... Nf5 9. Bg5 {The position is equal.} Be7 10. Bxe7 Qxe7 11. g3 Qd8 12. Na3 {[%cal Bb1a3,Ba3c2,Bc2e3][%mdl 32]} Qb6 13. O-O-O Qa6 14. Qxa6 Nxa6 15. Nc2 g6 16. Nf4 c5 17. Ne3 Ne7 18. dxc5 Nxc5 19. c4 Ne4 20. Rhf1 {[%cal Rc4d5]} ({Don't play} 20. cxd5 Nxf2 21. dxe6 Rc8+ 22. Kb1 Nxh1 $17) 20... Rc8 21. Kb1 {[%cal Rc4d5]} dxc4 22. Rd4 {[%mdl 64] [#] Double Attack} Nc5 {White must now prevent ...b5.} 23. Rxc4 {aiming for Rfc1.} b5 24. Rc2 $36 {[%mdl 2048] And now Rfc1 would win. White is more active.} Nb7 25. Rxc8+ Nxc8 26. Rc1 Kd7 27. Nh3 Ne7 28. Ng5 Nc6 29. f4 Rf8 30. Nf1 Nb4 (30... Kc7 $14) 31. Ne3 (31. Nd2 $16) 31... Nc6 $1 $14 32. Nd1 Nd4 ({Better is} 32... b4 $14) 33. Nc3 $18 {[#] Hoping for Rd1.} Nd8 $2 (33... b4) 34. Rd1 {White is clearly winning.} N8c6 35. Nxb5 Kc8 36. Nxd4 Rd8 37. Ngf3 {Weighted Error Value: White=0.08/Black=0.15} 1-0

[Event "Mykolaiv IM Feb 2021"]
[Site "Mykolaiv"]
[Date "2021.03.04"]
[Round "8.4"]
[White "Gavrish, Leonid"]
[Black "Anwesh, Upadhyaya"]
[Result "1/2-1/2"]
[WhiteElo "2085"]
[BlackElo "2364"]
[Annotator "TA"]
[PlyCount "117"]
[EventDate "2021.02.25"]
[EventType "tourn"]
[EventCountry "UKR"]
[SourceTitle "playchess.com"]
[Source "ChessBase"]
[SourceQuality "1"]

{[%evp 9,117,28,27,27,38,16,29,12,41,40,48,46,34,40,44,36,37,41,57,60,70,66,63,55,58,60,79,0,108,97,93,104,110,99,148,154,194,216,311,119,122,5,5,8,8,8,7,0,0,0,1,8,8,8,8,0,0,0,71,66,69,55,58,35,25,0,49,0,8,0,0,0,0,0,0,0,0,0,0,0,0,0,0,0,0,0,0,0,0,0,0,0,0,0,0,0,0,0,0,0,0,0,0,0,0,0,0,0,0,0]} 1. d4 d5 2. c4 e6 3. Nc3 a6 4. cxd5 exd5 5. Nf3 Be7 6. Bf4 {D31: Queen's Gambit Declined: Semi-Slav without ...Nf6 (+ Marshall Gambit and Noteboom) and Exchange Variation lines without ...Nf6.} Nf6 7. Qc2 Nc6 8. a3 {[#] White has an edge.} g6 $146 ({Predecessor:} 8... O-O 9. e3 h6 10. Bd3 Re8 11. O-O Bd6 12. Bg3 Ne7 13. Rac1 c6 14. Na4 Be6 {1-0 (26) Cardoso,J (1675)-Norena,D (1559) Cali 2016}) 9. e3 Bf5 10. Bd3 Bxd3 11. Qxd3 O-O 12. O-O Re8 13. Ne5 Bd6 {[%cal Rc6e5]} 14. Nxc6 bxc6 15. Bg3 Bxg3 16. hxg3 Ng4 {White should prevent ...Qg5.} 17. Ne2 h5 {Threatening ...h4.} 18. Rac1 ({Better is} 18. Qd1 $16) 18... Qf6 (18... h4 $11) 19. Nf4 $16 g5 20. Nh3 Re6 21. Rc5 Kg7 22. Qc3 Rh8 23. e4 $1 {[%cal Re4d5]} Rxe4 {[#]} (23... dxe4 {was called for.} 24. Rxg5+ Kf8 25. Qc5+ Re7) 24. Rxc6 $2 (24. f3 $1 $18 {[%cal Rf3e4] and the rest is easy.} Qxd4+ 25. Qxd4+ Rxd4 26. fxg4) 24... Qxd4 {[#]} 25. Nxg5 (25. Qc1 $1 $16) 25... Qxc3 $11 26. Rxc3 Rc4 27. Rxc4 dxc4 {[%mdl 4096] Endgame KRN-KRN} 28. f3 Ne5 29. Rc1 Rb8 30. Rc2 Nd3 31. Rxc4 Rxb2 32. Ne4 Rb1+ 33. Kh2 f5 (33... c5 $11 {keeps the balance.}) 34. Rxc7+ $16 Kf8 $1 35. Nd2 Ra1 36. Rc2 (36. Nb3 {feels hotter.} Rb1 37. Rc3 Nf2 38. Nc1 a5 39. Rc2) 36... Rxa3 37. Kh3 Ra4 38. Rc4 Ra2 {The position is equal.} 39. Rc8+ Ke7 40. Nc4 Rc2 (40... Ra1 $5 41. Kh4 $8 Rc1 $11) 41. Rc7+ Ke6 {Strongly threatening ...Rc1!} 42. Rc6+ Kd5 43. Ne3+ Kxc6 44. Nxc2 $11 {KN-KN} a5 45. Kh4 a4 46. Kxh5 Kc5 47. Kg5 Kc4 {Hoping for ...Kb3.} 48. Kxf5 {g4 is the strong threat.} Kc3 49. Na1 {aiming for g4.} Ne1 (49... a3 {looks sharper.} 50. g4 a2 51. g5 Kb2 52. g6 Kxa1 53. g7 Kb1) 50. g4 Nxg2 51. g5 Kb2 52. g6 Nh4+ {[%mdl 64] Double Attack} 53. Kf6 {Black must now prevent g7.} Nxg6 54. Kxg6 {KN-KP} a3 (54... Kxa1 {is interesting.} 55. f4 Kb2 56. f5 a3 57. f6 a2) 55. f4 a2 56. f5 Kxa1 57. f6 Kb1 58. f7 a1=Q {( -> ...Qh8)} 59. f8=Q {Weighted Error Value: White=0.15/Black=0.12} 1/2-1/2

[Event "Mykolaiv IM Feb 2021"]
[Site "Mykolaiv"]
[Date "2021.03.04"]
[Round "8.5"]
[White "Vakulenko, Oleksandr"]
[Black "Kocyigit, Buse Naz"]
[Result "1-0"]
[WhiteElo "2256"]
[BlackElo "2143"]
[Annotator "TA"]
[PlyCount "85"]
[EventDate "2021.02.25"]
[EventType "tourn"]
[EventCountry "UKR"]
[SourceTitle "playchess.com"]
[Source "ChessBase"]
[SourceQuality "1"]

{[%evp 16,85,4,13,6,18,11,12,0,9,30,27,52,39,62,33,37,28,40,0,-4,-20,0,0,41,-8,-5,-53,145,149,141,138,133,136,212,187,391,395,677,654,881,841,786,522,1537,937,903,837,1018,1017,1004,1003,974,977,1040,986,1258,1261,1486,1525,1873,1813,29971,29974,29974,29975,29983,29978,29983,29983,29979,29978]} 1. d4 Nf6 2. c4 g6 3. Nc3 Bg7 4. e4 d6 5. f3 O-O 6. Be3 c5 7. d5 e6 8. Nge2 exd5 9. cxd5 a6 {A65: Modern Benoni: 6 e4.} 10. a4 Nbd7 11. Ng3 h5 {The position is equal. 11...h5 scores better than 11...Ne5.} 12. Be2 h4 13. Nf1 Ne5 14. h3 Nh7 15. Nd2 (15. f4 $5 {[%cal Rf4e5]}) 15... f5 {[#]} 16. f4 $146 ({Predecessor:} 16. O-O Qf6 17. f4 Nd7 18. exf5 gxf5 19. Nf3 Qh6 20. Bd3 Rf7 21. Qd2 Ndf8 22. Rae1 {1-0 (37) Astengo,M (2030)-Miracola,M (2083) Milan 2012}) 16... Nf7 17. exf5 Bxf5 {Threatens to win with ...Re8.} 18. O-O Qd7 19. Bf2 $36 {[%mdl 2048] White has good play.} Nh6 20. Nf3 (20. Bxh4 Bxh3 21. Nc4 (21. gxh3 $2 Qxh3 {[%mdl 64] Double Attack} 22. Nce4 Qxh4 $19) 21... Rae8 $11) 20... Bxh3 21. Qd2 Bxg2 22. Kxg2 $16 {White now steadily converts the win.} Qg4+ 23. Kh1 Rae8 {[#]} (23... Rxf4 $2 24. Nh2 $18) 24. Rae1 $1 c4 (24... Rxf4 $2 25. Nh2) (24... Qxf4 $16 {is a better defense.} 25. Qxf4 (25. Bxh4 Qg4 $17) 25... Rxf4) 25. Rg1 $18 ({And not} 25. Nxh4 Qh3+ 26. Kg1 Nf6 $11) 25... Qh3+ (25... Qxf4 26. Qxf4 (26. Bxh4 Rxe2 27. Qxf4 Rxf4 $16) 26... Rxf4) 26. Nh2 Nf6 $2 (26... Qf5 27. Bxc4 Rxe1 28. Bxe1 Qxf4 29. Rxg6 Kh8) 27. Rxg6 Kh8 28. Reg1 Re7 29. f5 Nfg8 30. Bd4 {Threatening mate with Rxh6+.} Nxf5 {[#]} 31. Bf1 $1 Ng3+ {[#]} (31... Qxh2+ 32. Kxh2) 32. R6xg3 $1 {[%mdl 512]} Qxg3 33. Rxg3 hxg3 34. Bxc4 Nf6 35. Nf1 Ng4 36. Nxg3 Rf3 37. Kg2 Rff7 38. Nce4 Kg8 39. Qg5 {White mates.} Ne5 {[#]} 40. Nf5 $1 Rxf5 (40... Kf8 41. Nexd6) 41. Qxf5 Nxc4 42. Nf6+ Bxf6 43. Qxf6 {Weighted Error Value: White=0.30/Black=0.57} 1-0

[Event "Mykolaiv IM Feb 2021"]
[Site "Mykolaiv"]
[Date "2021.03.05"]
[Round "9.1"]
[White "Kocyigit, Buse Naz"]
[Black "Kozak, Leonid"]
[Result "1/2-1/2"]
[WhiteElo "2143"]
[BlackElo "2244"]
[Annotator "TA"]
[PlyCount "44"]
[EventDate "2021.02.25"]
[EventType "tourn"]
[EventCountry "UKR"]
[SourceTitle "playchess.com"]
[Source "ChessBase"]
[SourceQuality "1"]

{[%evp 16,17,0,0]} 1. d4 Nf6 2. c4 g6 3. Nc3 Bg7 4. e4 d6 5. Nf3 O-O 6. Be2 e5 7. dxe5 dxe5 8. Qxd8 Rxd8 9. Bg5 {[#]} {Predecessor:} Re8 $146 {E92: King's Indian: Classical: 6 Be2 e5: 7 dxe5, 7 Be3 and Petrosian System without 7...Nbd7.} 10. Nd5 Nxd5 11. cxd5 c6 12. Bc4 cxd5 13. Bxd5 Nd7 14. Nd2 Nb6 15. Bb3 Be6 16. Bxe6 Rxe6 17. Rc1 Rc8 18. Ke2 Rec6 19. Rxc6 Rxc6 20. b3 Bf8 21. Be3 Bb4 22. a3 Bxa3 {½-½ (32) So,W (2770)-Carlsen,M (2862) chess24.com INT 2020} 1/2-1/2